Fibra dietética en Iberoamérica: tecnología y salud. Obtención, caracterización, efecto fisiológico y aplicación en alimentos
I tiakina i:
| Ngā kaituhi matua: | , , , |
|---|---|
| Hōputu: | Pukapuka |
| Reo: | Pāniora Pōtukīhi |
| I whakaputaina: |
Sao Paulo
Varela
2001
|
| Ngā marau: | |
| Ngā Tūtohu: |
Tāpirihia he Tūtohu
Kāore He Tūtohu, Me noho koe te mea tuatahi ki te tūtohu i tēnei pūkete!
|
MARC
| LEADER | 00000cam a2200000 a 4500 | ||
|---|---|---|---|
| 001 | UCN8603 | ||
| 003 | CL-VaPUC | ||
| 008 | 011116e20010000BL |||||||||||||||||spa|d | ||
| 041 | 0 | 7 | |a spa |2 CL-VaPUC |
| 041 | 0 | 7 | |a por |2 CL-VaPUC |
| 082 | 0 | 4 | |a 664 |b LAJ |2 21 |
| 100 | |a Lajolo, Franco Maria |e author |9 464935 | ||
| 700 | 0 | |a Saura-Calixto, Fulgencio |e author |9 464936 | |
| 700 | 0 | |a Wittig de Penna, Emma |e author |9 464937 | |
| 700 | 0 | |a Wenzel de Menezes, Elizabete |e author |9 464938 | |
| 245 | 1 | 0 | |a Fibra dietética en Iberoamérica: tecnología y salud. Obtención, caracterización, efecto fisiológico y aplicación en alimentos |
| 300 | |a 469 p | ||
| 942 | |c BK | ||
| 945 | |d 20011116 00:00:00 |a cmena | ||
| 260 | |a Sao Paulo |b Varela |c 2001 | ||
| 650 | 7 | |a FIBRAS DIETETICAS |2 CL-VaPUC |9 464939 | |
| 650 | 0 | |a Alimentos |9 256203 | |
| 650 | 7 | |a TECNOLOGIA DE ALIMENTOS |2 CL-VaPUC |9 464940 | |
| 650 | 0 | |a Nutrición |9 259434 | |
| 583 | |a last modification |c 20180112 05:27:33 |k Rodrigo Vera | ||
| 999 | |c 298439 |d 298437 | ||
| 952 | |0 0 |1 0 |4 0 |6 664_000000000000000_LAJ_2001 |7 0 |8 A |9 354020 |a BIBALI |b BIBALI |c GEN |d 2019-11-21 |i 3774376 |o 664 LAJ 2001 |p 3774376 |r 2025-01-20 |w 2019-11-21 |y BK |k ALI | ||
| 952 | |0 0 |1 0 |3 erb |4 0 |6 664_000000000000000_LAJ_2001 |7 0 |8 A |9 354021 |a BIBALI |b BIBALI |c GEN |i 5448344 |o 664 LAJ 2001 |p 5448344 |r 2025-01-20 |w 2019-11-21 |y BK |z Catalogado en:20180114 |k ALI | ||